GOODMAN AND GILMAN'S THE PHARMACOLOGICAL BASIS OF THERAPEUTICS (Record no. 199537)

MARC details
000 -LEADER
fixed length control field 00266nam a2200097Ia 4500
050 ## - LIBRARY OF CONGRESS CALL NUMBER
Classification number RM300.G66
100 ## - MAIN ENTRY--PERSONAL NAME
Personal name JOEL G. HARDMAN
245 #0 - TITLE STATEMENT
Title GOODMAN AND GILMAN'S THE PHARMACOLOGICAL BASIS OF THERAPEUTICS
942 ## - ADDED ENTRY ELEMENTS (KOHA)
Koha item type Long Loan Book
Holdings
Withdrawn status Lost status Source of classification or shelving scheme Damaged status Not for loan Collection Home library Current library Shelving location Date acquired Inventory number Total checkouts Total renewals Full call number Barcode Date due Date last seen Date last checked out Copy number Price effective from Koha item type
    Library of Congress Classification     Medicine Kisii University Library Kisii University Library On Display 09/15/2023 85203 5 1 RM 300 .G66 1996 018745 05/13/2026 04/29/2026 04/29/2026 C. 1 09/15/2023 Long Loan Book